Mal's General Knowledge 39 - Statistics

General Stats
  • This quiz has been taken 62 times
  • The average score is 12 of 20
Answer Stats
Hint Answer % Correct
4) How many strings are on a Cello? 4
96%
19) Who was assassinated on November 22, 1963? John F. Kennedy
91%
1) What is the missing collective noun in " A **** of wolves" ? Pack
91%
20) Apart from Australia, what is the largest 'Island' in the World? Greenland
87%
7) What is the capital city of Indonesia? Jakarta
85%
6) the unit of power is the 'watt' (W), which is equal to how many joule per second? 1
73%
18) How many Karats is pure gold? 24
69%
12) Name the mountain range between Spain and France? Pyrenees
69%
14) Who wrote 'Robinson Crusoe' ? Daniel Defoe
65%
17) What is Syrah, also known as Shiraz? Wine
65%
13) At 274 million, which country in Asia has the 3rd highest population? Indonesia
64%
16) What is the deepest lake in the World at 5,315 feet [1,620 meters]? Lake Baikal
56%
9) In Greek mythology - name the young man who fell in love with his own reflection? Narcissus
55%
15) What does the German word 'Fünfzehn' mean in English? Fifteen
49%
11) Who composed the Opera 'Carmen'? Georges Bizet
44%
3) What flavour is 'Curacao' liquer? Orange
31%
2) Who was on the UK throne Immediately prior to Queen Victoria? William IV
29%
10) In what year did Mexico gain independence from Spain? 1821
20%
5) What is the name given for the 'Fear of Dogs'? Cynophobia
13%
8) Which scientist in 1766 discovered the element Hydrogen (H)? Henry Cavendish
5%
No matching quizzes found
Score Distribution
Percent of People with Each Score
Percentile by Number Answered
Your Score History
You have not taken this quiz